zpět

Detail výsledku týmu

Dělnický dům, Jihlava

Datum a čas kvízu

29.5 Celkem bodů Celkový počet nahraných bodů na tomto kvízu bez doplňovacích otázek.
4. Pořadí na kvízu Konečné umístění týmu na tomto kvízu.

Zaznamenané odpovědi

# Otázka Odpověď Body Výsledky
1. Která česká politická strana p... ODS 1
2. Několika desítkám jedinců jist... o lachtanech 0
3. Jak se jmenuje devatenáctiletá... Olivia Rodrigo 1
4. Europoslanci vyslyšeli volání... množství vypuštěných emisí 1
5. V pražské O<sub>2</sub> Areně... z Mladé Boleslavi 0
6. Českou hokejovou jedničkou na... v Číně 1
7. Brankář hraje důležitou roli i... v Irsku 0
8. Napište jméno jednoho z nejlep... Martin Galia 0
9. Český reprezentační florbalový... Lukáš Bauer 1
10. Za který národní tým chytá fot... za Slovinsko 1